header

Hats in the ring (Record no. 28068)

MARC details
000 -LEADER
fixed length control field 01346nam a2200337 a 4500
100 1# - MAIN ENTRY--AUTHOR NAME
Personal name Persoff, Meir.
245 10 - TITLE STATEMENT
Title Hats in the ring
260 ## - PUBLICATION, DISTRIBUTION, ETC. (IMPRINT)
Place of publication Boston :
Name of publisher Academic Studies Press,
Year of publication 2013.
300 ## - PHYSICAL DESCRIPTION
Number of Pages xxii, 337 p. :
Other physical details ports.
650 #0 - SUBJECT ADDED ENTRY--TOPICAL TERM
Topical Term Rabbis
856 40 - ELECTRONIC LOCATION AND ACCESS
Uniform Resource Identifier http://site.ebrary.com/lib/rucke/Doc?id=10718970

No items available.

© 2026 Rongo University
Contact us: librarian | system librarian | Rongo university